Невероятната сила на благодатта (Запис номер 166769)
[ съкратено ]
| 000 -Лидер | |
|---|---|
| Контролно поле с фиксирана дължина | 01792nam a2200373 c 4500 |
| 003 - Код на организацията, давaща контролен номер | |
| Контролно поле | BLK |
| 005 - Дата и час на последна редакция | |
| Контролно поле | 20250602114500.0 |
| 008 - Елементи от данни с фиксирана дължина | |
| fixed length control field | 180411b bul|||||r ||||||| ||bul|| |
| 010 ## - Наследен системен номер | |
| LC control number | KNG00174516000 |
| 020 ## - Международен стандартен номер на книга ISBN | |
| Международен стандартен номер на книга ISBN | 978-954-788-084-9 |
| -- | издат.: Ел Уай |
| 040 ## - Източник на каталожния запис | |
| Идентификатор на билиотеката - собственик на записа | BLK |
| 041 ## - Код за език | |
| Код за езика на текст/звукозапис или на отделно заглавие | Български |
| Код за езика КДБФ | Български |
| 072 #7 - Код за тематичната категория | |
| Код организация | bullib |
| Код за тематична категория | Н20 |
| Текст | Религия. Теология Н |
| 080 ## - УДК | |
| Текстов определител УДК | Анабаптисти. Менонити. Баптисти. Адвентисти. Евангелисти |
| УДК код - определител по УДК | 286 |
| УДК определител | |
| УДК - код + определител | 286 |
| 100 1# - Редна дума - Автор | |
| Автор | Хегстад, Роланд Р. |
| Авторска отговорност | първи автор |
| R(LIN) | 136611 |
| 139 ## - Редно поле | |
| Редна дума | Хегстад, Роланд Р. |
| Авторски знак | Хег - Х 37 |
| 245 10 - Сведения за заглавието | |
| Заглавие | Невероятната сила на благодатта |
| Редно поле (дума) | Роланд Р. Хегстад; прев. от англ. Кремен Младенов Кръстев; прев. от англ. Петя Накова. |
| 257 ## - Страна на издаване | |
| Страна на създаване/издаване | Съединени американски щати |
| 260 ## - Област на издателските данни | |
| -- | София |
| Име на издателя, разпространителя и проч. | Ел Уай |
| Година на издаване | 2013 |
| Печатница | София : ЛИК |
| 300 ## - Физическа характеристика | |
| Страници | 127 с. |
| Размери/Мащаб | 20 см |
| 380 ## - Жанр | |
| Жанр | Религия. Теология |
| 500 ## - Общи забележки | |
| Забележка | Ориг. загл.: The incredible power of grace / Roland R. Hegstad ; Името на авт. погрешно отпеч.: Роналд Р. Хегстед |
| 650 #4 - Допълнително описание по предмет – тема | |
| Основно описание – тема или топоним | Адвентисти |
| 9 (RLIN) | 146500 |
| 653 ## - Ключова дума – ненормативна | |
| Ключова дума | проповеди |
| 659 ## - Тематичен бюлетин | |
| Тематичен бюлетин | Н |
| 700 ## - Други автори (авторска отговорност) | |
| Лично име | Кръстев, Кремен Младенов |
| Дати, свързани с автора | 1936- 2020 |
| Друга информация | Автор на религиозна литература. Преводач от английски и френски ези |
| 9 (RLIN) | 366310 |
| 700 1# - Други автори (авторска отговорност) | |
| Лично име | Накова, Петя |
| Автороска отговорност (Описва отношението между автора и произведението) | прев. от англ. |
| 9 (RLIN) | 374555 |
| 852 ## - Местоположение | |
| Форматна сигнатура | Цб 273958 |
| 856 4# - Електронен адрес и достъп | |
| Електронен формат | pdf - файл |
| Път до файла /url/ | |
| 856 4# - Електронен адрес и достъп | |
| Електронен формат | pdf - файл |
| Път до файла /url/ | |
| 942 ## - АРТИКУЛИ | |
| Вид на библиотечния материал | Книги |
| Скрит в OPAC | Не |
| 944 ## - СЪЗДАВАНЕ И РЕДАКЦИЯ на ЗАПИСА | |
| Създаване/Редакция | Създаване |
| Дата на регистрацията/редакция | 22.04.2015 |
| Служител, извършил регистрацията/редакцията | 30560 |
| Статус, дата на статуса | Геновева Генчева |
| 944 ## - СЪЗДАВАНЕ И РЕДАКЦИЯ на ЗАПИСА | |
| Създаване/Редакция | Редакция |
| Дата на регистрацията/редакция | 04.09.2015 |
| Служител, извършил регистрацията/редакцията | Наталия_Медовщикова |
| 999 ## - СИСТЕМНИ КОНТРОЛНИ НОМЕРА | |
| Koha biblionumber | 166769 |
| Koha biblioitemnumber | 166769 |
| Код за отписване | Код за изгубен артикул | Код за повреда | Коз за рестрикции | Код за отдаване | Артикулен № | Име на библиотеката - собственик | Име на библиотеката, в която се намира в момента | Статус (Текущо местоположение) | Дата на вписване в системата | Местоположение - отдел | Цена в лева | Инвентарен номер | Систематично азбучна сигнатура | Баркод | Номер на екземпляра | Цена в евро | Служебна бележка | Служебен тип на артикула |
|---|---|---|---|---|---|---|---|---|---|---|---|---|---|---|---|---|---|---|
| Не е изгубен | Не е повреден | без рестрикции | ползва се в читалня | 280970 | Регионална библиотека "Любен Каравелов" Русе | Регионална библиотека "Любен Каравелов" Русе | Хранилище | 2015-04-23 | Хранилище | 9.00 | 120000787416 | Цб 273958 | 120000787416 | 1 | 4.60 | Дост: Dp Вид: Д N: 42 Дата: 25.09.2014 | Книги |